000 00637nam a2200133Ia 4500
008 100328s9999 xx 000 0 und d
082 _b65836
100 _aगाडे सोपान.
245 _aमहाराष्ट्राचे मुख्यमंत्री-सुााकरराव नाईक.
260 _bअविष्कार.
630 _aमहाराष्ट्राचे मुख्यमंत्री-सुााकरराव नाईक.
730 _aमहाराष्ट्राचे मुख्यमंत्री-सुााकरराव नाईक.
942 _cBOOK
999 _c551581
_d551578